000 01144naa a22003377a 4500
001 BR7805056
003 BR-BrBNA
005 20240918174156.0
007 ta
008 230509b bl.||||| |||| 00| 0 por d
040 _aBR-BrBNA
_bpor
_cBiblioteca Nacional de Agricultura
041 _a(Pt)
072 _aF27
_b2290
_bG514
090 _aF27 BR7805056
100 1 _aPadua, J.G. de
100 1 _aLima, C.A. de S.
100 1 _aPurcino, J.R.C.
100 1 _aFontes, P.C.R.
245 1 _aCampo de obervacao de menta (Mentha arvensis)em regime de irrigacao por infiltracao [Minas Gerais; Brasil]
260 3 _aBelo Horizonte, MG (Brasil):
_c1978.
500 _aProjeto olericultura. Relatorio 76/77 Belo Horizonte, MG (Brasil): 1978. p. 219-221 (BR7805056-AM)F27
650 _aCultivo do solo
650 _aMenta
650 _aPratica cultural
650 _aIrrigacao por infiltracao
650 _aCusto de producao
650 _aMinas Gerais
773 0 _tProjeto olericultura. Relatorio 76/77
_wF27 BR7805056
_gBelo Horizonte, MG (Brasil), 1978. p. 219-221
909 _a202404
_bLucia
_c55
_dLucia Elande
942 _cAM
_2AGRIS
999 _c309391
_d309391